000 01136nam a22001937a 4500
003 LK-CoMWRAF
005 20240118100804.0
008 231215b |||||||| |||| 00| 0 eng d
020 _a9559102338
040 _aLK-CoMWRAF
_dLK-CoMWRAF
_eLK-CoMWRAF
041 _atam
_asin
082 _a305.23
_bBHA
100 _aபாசின், கம்லா = භාසින්, කමිලා
245 _aபெண் என்றால் என்ன? = ගැහැණු ළමයා යනු කවරෙක් ද ? = ஆண் என்றால் என்ன? = පිරිමි ළමයා යනු කවරෙක්ද?
246 _aPeṇ eṉṟāl eṉṉa? = Gahanu lamaya yanu kawarekda? = Maṉitaṉ eṉṟāl eṉṉa? = Pirimi ,amaya yanu kawarekda?
260 _aகொழும்பு = කොළඹ :
_bசமூகவியலாளர்கள் சங்கம், கொழும்பு = සමාජ විද්‍යාඥයින්ගේ සංගමය,
_c2003
700 _aதோபர், பிந்தியா = තෝපර්, බින්දියා
_eills.
942 _cBK
999 _c4487
_d4487